| Tag |
First Indicator |
Second Indicator |
Subfields |
| LEADER |
00000cam a22000008a 4500 |
| 001 |
in00000990244 |
| 005 |
20150927180202.0 |
| 008 |
900525s1990 scu b s00110 eng |
| 010 |
|
|
|a 90012687
|
| 020 |
|
|
|a 0872497119
|
| 035 |
|
|
|a (OCoLC)21762414
|
| 035 |
|
|
|9 AEY9390AM
|
| 040 |
|
|
|a DLC
|c DLC
|d TXA
|d UtOrBLW
|
| 049 |
|
|
|a TXAM
|
| 050 |
0 |
0 |
|a PS3552.A76
|b Z87 1990
|
| 082 |
0 |
0 |
|a 813/.54
|2 20
|
| 100 |
1 |
|
|a Trachtenberg, Stanley.
|
| 245 |
1 |
0 |
|a Understanding Donald Barthelme /
|c by Stanley Trachtenberg.
|
| 263 |
|
|
|a 9012
|
| 264 |
|
1 |
|a Columbia, S.C. :
|b University of South Carolina Press,
|c [1990]
|
| 264 |
|
4 |
|c ©1990
|
| 300 |
|
|
|a 266 pages
|
| 336 |
|
|
|a text
|b txt
|2 rdacontent
|
| 337 |
|
|
|a unmediated
|b n
|2 rdamedia
|
| 338 |
|
|
|a volume
|b nc
|2 rdacarrier
|
| 490 |
1 |
|
|a Understanding contemporary American literature
|
| 504 |
|
|
|a Includes bibliographical references and index.
|
| 600 |
1 |
0 |
|a Barthelme, Donald
|x Criticism and interpretation.
|
| 830 |
|
0 |
|a Understanding contemporary American literature.
|
| 999 |
|
|
|a MARS
|
| 999 |
f |
f |
|s ec243134-ae8d-30b6-bb0e-6e9e9b8170de
|i e17ef2bb-39b3-3fc5-a38b-6073bfe03e7f
|t 0
|
| 952 |
f |
f |
|p normal
|a Texas A&M University
|b College Station
|c Sterling C. Evans Library
|d Evans: Library Stacks
|t 0
|e PS3552.A76 Z87 1990
|h Library of Congress classification
|i unmediated -- volume
|m A14813932221
|
| 998 |
f |
f |
|a PS3552.A76 Z87 1990
|t 0
|l Evans: Library Stacks
|